MDQL
is popping MORE tags! Check the
thread
!
Quizzes
Events
Quiz Creation
Community
Videos
Private Events
Remove Ads
Sign In
Join for FREE
Feedback
Dark Mode
Quiz Categories
Sports
Geography
Music
Movies
Television
Just For Fun
Miscellaneous
History
Literature
Language
Science
Gaming
Entertainment
Religion
Holiday
For Kids
Quiz Lab
Recent
Popular Today
Quiz Kudos Today
Editor Picks
Curator Picks
Quizzes by...
Day
Popularity
Type
Ratings
Length
Year
Community
Subscriptions
Recent Discussions
Orange Saloon
Badges
Playlists
Quests
Create
Leaderboards
Showdown
Live 5
Trivia Bingo
Activity
Puzzle Library
Sporcle Events
Private Events
Virtual Trivia
Globe League
Become a Host
Pub Owners
SporcleCon
Opinionation
Our Games
Videos
Blog
Mobile Apps
Partnerships
Remove Ads and Go Orange
Feedback
Holiday
Halloween
Christmas
Holiday Songs
April Fools'
Thanksgiving
Valentine's Day
Easter
St Patrick's Day
National Holiday
Religious Holiday
Holiday
Halloween
Christmas
Holiday Songs
April Fools'
Thanksgiving
Valentine's Day
Easter
St Patrick's Day
National Holiday
Religious Holiday
Random Quiz
Search Sporcle
×
Editor Pick
Editor Pick
Holiday
Country
Type in answers that appear in a list
Type in answers that appear in a list
Classic
Best Score? Go Orange.
☄ Fireworks Around the World ☄ Stats
Can you name the countries where these fireworks took place?
By
leppyfresh
5m
16 Questions
1,087 Plays
1,087 Plays
1,087 Plays
Comments
Comments
Give Quiz Kudos
Give Quiz Kudos
-
- Ratings
hide this ad
Forced Order
Answers have to be entered in order
Answers have to be entered in order
Replay
Link that replays current quiz
Next Quiz
Link to next quiz in quiz playlist
You Got
0%
They Got
Avg Score
52%
Avg Friend Score
Upgrade to see
Score Distribution
Jump to the score distribution portion of the page
Score
0/16
Timer
05:00
0
Plays Today
Number
Country
% Correct
2.
France
97.5%
3.
United States
97%
7.
Australia
87.4%
1.
Russia
85.8%
9.
China
79.9%
8.
Japan
76.8%
4.
United Kingdom
75.4%
5.
Canada
71.4%
Number
Country
% Correct
10.
Germany
45.7%
11.
Mexico
40.6%
15.
Malaysia
33.8%
6.
United Arab Emirates
18.2%
14.
Hungary
10.2%
16.
New Zealand
8.9%
12.
Brazil
7.2%
13.
Singapore
6.2%
Quiz Playlist
Details
Report
Send in Message
Add To Playlist
Classic:
Type in answers that appear in a list
Forced Order:
Answers have to be entered in order
Last Updated: Nov 21, 2018
Editor Pick in
Holiday
Quiz Scoreboard
CHALLENGE
Sign Up to Join the Scoreboard
Show All
Scores
Hide
Comments
May contain spoilers
Recently Published
Street Fighter Characters
by Artimus82
Gaming
60s
9x9 Crossword: Cartoon Network
by jackfrog10
Miscellaneous
3m
College Basketball Coaching Resumes
by pancakes188
Sports
9m
More to Explore
Quiz From the Vault
Featured Blog Post
Where Did the Easter Bunny Come From?
hide this ad
You Might Also Like...
Tags
Country Quiz
World Quiz
Firework
place
took
Today's Top Quizzes in Holiday
Browse Holiday
hide this ad
Today's Top Quizzes in Country
Browse Country
Top Contributed Quizzes in Holiday
1
5-to-1: Holiday Songs
2
5-to-1: Thanksgiving
3
Easter - Did You Know?
4
Countries of the World: 200 Million BC
5
Word Ladder: Four Leaf Clover
6
Show What You Know: US Federal Holidays
7
Slices of Holidays
8
3-per Word Ladder: Listen Up!
9
Click the Cartoon Easter Bunny
10
Holidays Spelling Bee
Explore More
Trending Topics
Disney
Anime
Crossword
Harry Potter
Kpop
Marvel
NBA
Soccer
The Office
WWE
Puzzle
Pokémon
NFL
Country
Song
hide this ad
More By:
leppyfresh
Quiz
Plays
Rating
Category
Featured
Created
Youngest to Oldest Minefield
2,048,824
3.92
History
Aug 13, 2013
Smallest Countries Minefield
323,089
4.51
Geography
Jun 18, 2011
'O'-Less European Countries
206,404
4.39
Geography
May 3, 2010
US Presidents per Last Letter
176,496
4.46
History
Jan 29, 2011
'A'-Less African Countries
174,996
4.34
Geography
May 3, 2010
Go to Creator's Profile
Score Distribution
Quiz Creator Spotlight
leppyfresh
Follow
Send a Message
Quizzes Created
-
Created Quiz Play Count
-
More By This Creator
Popular Quizzes Today
1
Find the US States - No Outlines Minefield
2
Find the Countries of Europe - No Outlines Minefield
3
The Countries of the World
4
Find the US States
5
Risky Map Clicking: Biggest States A-Z
6
US States
7
Popular People in 1961
8
Movies - When Are They Set?
More Holiday Quizzes
Faces of Christmas
Curator's Pick
Trending Quizzes
Risky Map Clicking: Least Populous States A-Z
Countries of the World: 200 Million BC
1-10 Letter G Words
Risky Map Clicking: Next State Alphabetically
Adjectives in 80s TV Shows
Recently Updated
Leaping Animals
pecheneg
Reality TV Shows (A-Z)
bhenderson79
Rickey Henderson's Hall of Fame Teammates
pecheneg
Champions League XIs: Arsenal
pecheneg
Quick Pick: Celebrities in WWE's Hall of Fame
aduchscher
A-Z Keypad Blitz II
pecheneg
Multiple Oscar Actors
pecheneg
Mystery Phrase Blitz: Oscar 'Best Actors'
pecheneg
F. Scott Fitzgerald Novels
LTH
Pick 3 Villains
ddd62291
Trending Topics
Anime
Harry Potter
NBA
Marvel
Crossword
Kpop
Disney
Pokémon
WWE
Soccer
Puzzle
Country
The Office
Song
NFL
Your Account Isn't Verified!
In order to create a playlist on Sporcle, you need to verify the email address you used during registration. Go to your
Sporcle Settings
to finish the process.
Report this User
Report this user for behavior that violates our
Community Guidelines
.
Details:
Send Report
Go to the Sporcle.com Mobile Site →
Comments